| 000 | 00709nam a22002057a 4500 | ||
|---|---|---|---|
| 999 |
_c9735 _d9735 |
||
| 003 | AR-CdUCM | ||
| 008 | 190328b ||||| |||| 00| 0 spa d | ||
| 040 |
_aMUNICIPALIDAD PROVINCIAL DEL CUSCO _cBIBLIOTECA MUNICIPAL DEL CUSCO |
||
| 082 |
_a312.8554 / _bR68 |
||
| 100 |
_aRivera Palomino, Jaime D. _926151 |
||
| 245 | _aGeografía de la población de Ayacucho / | ||
| 260 |
_aAyacucho : _bUniversidad Nacional de San Cristóbal de Huamanga, _c1977. |
||
| 300 |
_a175 paginas ; _c21 cm. |
||
| 500 | _aDonación familia Nieto. | ||
| 505 | _aContenido :Geografía de la población de Ayacucho. | ||
| 650 |
_aDemografía _91556 |
||
| 650 |
_aCondiciones sociales _91132 |
||
| 942 |
_2ddc _cLIBROS |
||
| 945 | _arum | ||